Responses for Show #8793 - Wednesday, January 25, 2023

Troy Meyer game 5.

Contestants

[<< previous game]

David Maes, an attorney from Chicago, Illinois

Kristina Zimmerman, a youth program coordinator from Seattle, Washington

Troy Meyer, a music executive from Tampa, Florida (whose 4-day cash winnings total $137,600)

[next game >>]

Jeopardy! Round responses

GARDEN VARIETY STORIES
3-LETTER RESPONSES
HOW DO I GET THERE?
PACINO PLAYED 'EM
YOU WEAR ME OUT
WE GRADE THAT H-PLUS
(Ken: Each correct response is two words and I will need them both.)
    $200 17
Amsterdam

Troy
    $200 28
the TSA

David
    $200 26
Carnegie Hall

Troy
    $200 27
Michael Corleone

Kristina
    $200 20
turtlenecks

Triple Stumper
    $200 30
(Ken: Well, in the other order, but yes.)

shame & same

David
    $400 16
Daisies

Kristina
    $400 23
CEO

Troy
    $400 21
[NOTE: This was the 455,000th clue entered into the J! Archive, on 2023-01-25.]

Machu Picchu

Troy
    $400 18
Joe Paterno

Troy
    $400 19
(Troy: What is a Hobart?)

a homburg

TroyKristina
    $400 24
ail & hail

Troy
    $600 5
the "Black Dahlia"

Troy
    $600 10
the CDC

Troy
    $600 4
the Snake River

Troy
    $600 12
Dog Day Afternoon

Troy
    $600 8
(Kristina: What are Oxfords?)

brogues

TroyKristina
    $600 15
wit & with

Troy
    $800 1
(Troy: What's White Oleander?)
...
(Ken: The [*] Thief.)

orchids

TroyDavid
    $3,400 11
GMO

Troy
    $800 2
Vancouver

Troy
    $800 13
Serpico

Kristina
    $800 7
kaftan

Kristina
    $800 25
Earth & hearth

David
    $1000 6
The Name of the Rose

Troy
    $1000 22
an APB

Troy
    $1000 3
Latvia

Kristina
    $1000 14
Insomnia

Troy
    $1000 9
harem pants

Triple Stumper
    $1000 29
café & chafe

Triple Stumper

Scores at the first commercial break (after clue 15):

Troy Kristina David
$9,000 $2,000 $800

Scores at the end of the Jeopardy! Round:

Troy Kristina David
$11,600 $3,000 $2,000

Double Jeopardy! Round responses

BOOK OF THE YEAR
CLASSICAL IS IN
THE SNL ALUMNUS WHO...
HOW MANY DOTTED LETTERS?
(Ken: Those being "I"s and "J"s.)
GOOD LUCK
WE'RE ALL COUNTING ON YOU
    $400 29
the pope

David
    $400 8
Seasons

David
    $400 26
Adam Sandler

Troy
    $400 30
(David: What is italicize?)

italicizing

David
Triple Stumper
    $400 27
Buddha

Kristina
    $400 28
opus

Triple Stumper
    $800 17
1861

David
    $800 6
cantatas

Troy
    $800 24
(Troy: Who is Dreyfus?)
[Accepted without remark]

Julia Louis-Dreyfus

Troy
    $800 22
Dijon

Kristina
    $800 18
(David: Who is Barbera?)

Walt Disney

TroyDavid
    $800 20
Mendeleev

David
    $4,800 4
1968

David
    $1200 3
Beethoven

David
    $1200 15
Davidson

David
    $1200 13
conjunction

David
    $1200 5
black-eyed peas

Kristina
    $1200 10
(Ken: [*] Decimal System, yes.)

Dewey

Kristina
    $1600 14
Edward the Black Prince

Troy
    $1600 1
"Clair De Lune"

David
    $3,000 23
(Kristina: Who is Bernie Sanders?)
(Ken: No, I'm afraid it's [*], former senator from Minnesota.)

Al Franken

Kristina
    $1600 19
(Troy: What is invincible?)

invincibility

TroyDavid
    $1600 7
wind chime

Kristina
    $1600 11
thermodynamics

David
    $2000 16
(Ken: The AK-47.)

Kalashnikov

Kristina
    $2000 2
Parsifal

Triple Stumper
    $2000 25
Kate McKinnon

Triple Stumper
    $2000 21
jejunum

Kristina
    $2000 9
Fortuna

Troy
    $2000 12
Fibonacci

Troy

Scores at the end of the Double Jeopardy! Round:

Troy Kristina David
$18,400 $9,200 $16,400

[wagering suggestions for these scores]

Final Jeopardy! Round responses

LANDMARKS
(Ken: [To Kristina] Yes, just like Moscow, they have a [*].)
KristinaWhat is Kremlin?
$0
DavidWhat is Kremlin?
$2,001
TroyWhat is Kremlin?
$14,401
the Kremlin

Final scores:

Troy Kristina David
$32,801 $9,200 $18,401
5-day champion: $170,401 3rd place: $1,000 2nd place: $2,000

Game dynamics:

Coryat scores:

Troy Kristina David
$15,800 $12,200 $12,800
24 R
(including 1 DD),
3 W
13 R,
2 W
(including 1 DD)
15 R
(including 1 DD),
2 W

Combined Coryat: $40,800

[game clues] [game scores] [suggest correction]

Game tape date: 2022-12-06
The J! Archive is created by fans, for fans. Scraping, republication, monetization, and malicious use prohibited; this site may use cookies and collect identifying information. See terms. The Jeopardy! game show and all elements thereof, including but not limited to copyright and trademark thereto, are the property of Jeopardy Productions, Inc. and are protected under law. This website is not affiliated with, sponsored by, or operated by Jeopardy Productions, Inc. Join the discussion at JBoard.tv.